00650cam a2200169 a 450000100100000000500170001000800410002704000250006808200170009324501010011026000470021130000210025865000320027970000310031195201210034299900170046300001389120200929163404.0870129s1909 sp 000 0 spa  aDO-SdBNPbspacBNPHU a327.2bB242m00aManual diplomático y consular hispano-americano /ccompilado y redactado D. Simón Barceló. aBarcelona :bCasa Editorial Maucci,c1909. a463 p. ;c23 cm. 4aDiplomaciaxManuales9314751 aBarceló, Simón.931476 001052708MOaGRbGRcCTd2009-12-01iLF1l0o327.2 B242mp13891-10r2020-06-25w2020-06-25y2ZPréstamo interno c13497d13497